Quiz: Les sports préférés des Français - Statistiques

Statistiques générales
  • Ce quiz a été pris 85 fois
  • Le résultat moyen est 6 sur 9
Statistiques - réponses
Question Réponse % Correct
Quel est le sport le plus pratiqué en France en nombre de licenciés ? Football
96%
Quel est le sport de combat le plus pratiqué en France, faisant du pays le 1er mondial de cette discipline ? Judo
80%
Quel club de football français a remporté le plus de titres en Ligue 1 (anciennement Division 1) ? Paris-Saint-Germain
80%
Quel sport de raquette est le plus joué en France en nombre de pratiquants, tous niveaux confondus ? Tennis
78%
Dans quelle ville française se déroule le seul Grand Chelem de tennis sur terre battue, le plus prestigieux de cette surface ? Paris
77%
Quel événement sportif français attire le plus de spectateurs physiquement présents chaque année sur son parcours ? Tour de France
74%
Quel est le sport le plus regardé à la télévision par les Français en 2024, en termes d'audience cumulée ? Football
70%
Quelle est l'activité sportive estivale préférée des Français selon les sondages de l'été ? Randonnée
52%
Combien de Français pratiquent une activité sportive régulière selon les derniers chiffres du Ministère des Sports ? 60 %
28%
Aucun quiz correspondant
Distribution des résultats
% des personnes avec chaque résultat
Percentile par nombre de réponses
Votre historique - résultats
Vous n’avez pas pris ce quiz